000 00290nam a22001337a 4500
008 171214b xxu||||| |||| 00| 0 eng d
020 _a093598965X
041 _aeng
080 _a37
100 _a46
101 _aEDU
245 _aEAZLY VIOLENCE PREVENTION
_cSLABY,R.G
942 _2udc
_cBK
999 _c38918
_d38918